Residensi pedalaman di bawah pentadbiran Kompeni Borneo Utara, 1881-1941 /
محفوظ في:
| المؤلف الرئيسي: | |
|---|---|
| التنسيق: | أطروحة كتاب |
| اللغة: | Malay |
| منشور في: |
2006.
|
| الموضوعات: | |
| الوسوم: |
إضافة وسم
لا توجد وسوم, كن أول من يضع وسما على هذه التسجيلة!
|
| LEADER | 00977cam a2200253 a 4500 | ||
|---|---|---|---|
| 001 | u730289 | ||
| 003 | SIRSI | ||
| 005 | 200611101542 | ||
| 008 | 061110s2006 my a t 000 0 may m | ||
| 040 | |a UMM | ||
| 043 | |a a-my-sa | ||
| 090 | |a D7 |b UM 2006 Jul | ||
| 100 | 1 | |a Julius, Eddie A. | |
| 245 | 1 | 0 | |a Residensi pedalaman di bawah pentadbiran Kompeni Borneo Utara, 1881-1941 / |c Eddie A. Julius. |
| 260 | |c 2006. | ||
| 300 | |a ix, 208 leaves : |b ill., maps ; |c 30 cm. | ||
| 502 | |a Dissertation (M.A. (Msian. Hist.)) -- Jabatan Sejarah, Fakulti Sastera dan Sains Sosial, Universiti Malaya, 2007. | ||
| 504 | |a Bibliography: leaves 204 - 208 | ||
| 610 | 2 | 0 | |a British North Borneo Chartered Company. |
| 650 | 0 | |a British |z Borneo |x History. | |
| 651 | 0 | |a Sabah |x Politics and government |x History. | |
| 710 | 2 | |a Universiti Malaya. |b Jabatan Sejarah. | |
| 596 | |a 1 | ||
| 999 | |a D7 UM 2006 JUL |w LC |c 1 |i A512836292 |d 27/1/2019 |e 27/1/2019 |f 10/9/2007 |g 1 |l STACKS |m P01UTAMA |n 25 |r Y |s Y |t TESIS |u 10/9/2007 | ||
